000 00877nab a2200253 u 4500
001 11389
003 HDC
007 cr bn ---aaaaa
008 210207c9999 my |r|noo 0 a eng d
040 _aHDC
100 _aAchoi, Jacob
_eauthor
_911692
245 0 _aIndustrial estates to boost SMEs in Sarawak / by
_cJacob Achoi
260 _a[no place] :
_b[publisher not identified],
_c[no year]
336 _atext
_2rdacontent
337 _acomputer
_2rdamedia
338 _aonline resource
_2rdacarrier
650 _aindustrial estates
_911693
650 _asmall and medium enterprises (SMEs)
_9135
710 _aThe Borneo Post Online
856 _zRequest full-text at [email protected]
942 _2lcc
942 _cNEWS
942 _kNWSO 001316
999 _c8712
_d8712